| 000 | 01072nam a2200265 a 4500 | ||
|---|---|---|---|
| 005 | 20200104041751.0 | ||
| 008 | 161022s2013 ck abd||r|||| 00| 0 spa d | ||
| 020 | _a9789588576169 | ||
| 040 |
_aCO-BoIAVH _cCO-BoIAVH |
||
| 041 | 0 | _aspa | |
| 044 | _ack | ||
| 082 | 0 | 4 |
_a577.27 _bI73a |
| 100 | 1 |
_aIsaacs Cubides, Paola Johanna _eautora |
|
| 245 | 1 | 0 |
_aAnálisis multitemporal de la estructura del paisaje en el Distrito Capital años 1991-2012 / _cPaola Johanna Isaacs Cubides y Vilma Isabel Jaimes Sánchez |
| 260 |
_aBogotá : _bJardín Botánico de Bogotá José Celestino Mutis, _c2013. |
||
| 300 |
_a65 páginas : _bilustraciones a color, mapas y fotografías a color ; _c28 x 22 cm. |
||
| 504 | _aIncluye referencias bibliográficas: páginas 65-67. | ||
| 650 | 2 | 6 | _aEcología vegetal |
| 650 | 2 | 6 | _aCobertura verde |
| 650 | 2 | 6 | _aDeforestación |
| 650 | 2 | 6 | _aConservación de la diversidad biológica |
| 651 | 4 | _aBogotá (Colombia) | |
| 700 | 1 |
_aJaimes Sánchez, Vilma Isabel _eautora |
|
| 942 |
_2ddc _cLIBRO |
||
| 999 |
_c19098 _d19098 |
||